|
|
|
|
| LEADER |
01909cam a2200541 i 4500 |
| 001 |
nkc20193074203 |
| 003 |
CZ PrNK |
| 005 |
20200617091532.0 |
| 007 |
ta |
| 008 |
190125s2018 xr a g f 000 0 cze d |
| 015 |
|
|
|a cnb003074203
|
| 020 |
|
|
|a 978-80-86726-95-3
|q (vázáno)
|
| 035 |
|
|
|a (OCoLC)1200247654
|
| 040 |
|
|
|a KLG001
|b cze
|d BOA001
|e rda
|
| 041 |
1 |
|
|a cze
|h ger
|
| 072 |
|
7 |
|a 74
|x Kresba. Umělecká řemesla
|2 Konspekt
|9 21
|
| 080 |
|
|
|a 745.9
|2 MRF
|
| 080 |
|
|
|a 745.93
|2 MRF
|
| 080 |
|
|
|a 745.5-032/-035
|2 MRF
|
| 080 |
|
|
|a (035)
|2 MRF
|
| 080 |
|
|
|a (084.11)
|2 MRF
|
| 100 |
1 |
|
|a Wagener, Klaus,
|d 1958-
|7 mzk2010573249
|4 aut
|
| 245 |
1 |
0 |
|a Floristická dílna :
|b tvoříme z přírodních materiálů /
|c Klaus Wagener ; překlad a redakční úpravy Daniela Urešová
|
| 250 |
|
|
|a 1. vydání
|
| 264 |
|
1 |
|a Praha :
|b Profi Press s.r.o.,
|c 2018
|
| 300 |
|
|
|a 160 stran :
|b barevné ilustrace ;
|c 29 cm
|
| 336 |
|
|
|a text
|b txt
|2 rdacontent
|
| 336 |
|
|
|a statický obraz
|b sti
|2 rdacontent
|
| 337 |
|
|
|a bez média
|b n
|2 rdamedia
|
| 338 |
|
|
|a svazek
|b nc
|2 rdacarrier
|
| 500 |
|
|
|a Přeloženo z němčiny?
|
| 650 |
0 |
7 |
|a aranžování květin
|7 ph118568
|2 czenas
|
| 650 |
0 |
7 |
|a květinové dekorace
|7 ph925614
|2 czenas
|
| 650 |
0 |
7 |
|a výtvarné práce z přírodních materiálů
|7 ph136859
|2 czenas
|
| 650 |
0 |
9 |
|a flower arrangement
|2 eczenas
|
| 650 |
0 |
9 |
|a flower decorations
|2 eczenas
|
| 650 |
0 |
9 |
|a nature craft
|2 eczenas
|
| 655 |
|
7 |
|a příručky
|7 fd133209
|2 czenas
|
| 655 |
|
7 |
|a obrazové publikace
|7 fd132947
|2 czenas
|
| 655 |
|
9 |
|a handbooks and manuals
|2 eczenas
|
| 655 |
|
9 |
|a pictorial works
|2 eczenas
|
| 700 |
1 |
|
|a Urešová, Daniela
|7 xx0213403
|4 edt
|4 trl
|
| 910 |
2 |
|
|a BOA001
|b 4-1421.797
|
| 920 |
|
|
|a 1220534
|z KLG001
|
| 990 |
|
|
|a BK
|
| 995 |
|
|
|a 01
|
| 991 |
|
|
|b 201902
|c NOV
|
| 996 |
6 |
|
|b 2610769867
|c 4-1421.797
|l MZK
|r Sklad / do 1 hodiny
|n 2
|p p.v.
|w 001706939
|u 000010
|a 1
|e BOA001
|j MZK50
|s P
|